<?xml version="1.0" encoding="UTF-8"?><?xml-stylesheet type="text/xsl" href="static/style.xsl"?><OAI-PMH xmlns="http://www.openarchives.org/OAI/2.0/" xmlns:xsi="http://www.w3.org/2001/XMLSchema-instance" xsi:schemaLocation="http://www.openarchives.org/OAI/2.0/ http://www.openarchives.org/OAI/2.0/OAI-PMH.xsd"><responseDate>2026-04-19T11:32:55Z</responseDate><request verb="GetRecord" identifier="oai:www.recercat.cat:2072/393123" metadataPrefix="marc">https://recercat.cat/oai/request</request><GetRecord><record><header><identifier>oai:recercat.cat:2072/393123</identifier><datestamp>2026-04-10T21:30:43Z</datestamp><setSpec>com_2072_98</setSpec><setSpec>col_2072_378192</setSpec></header><metadata><record xmlns="http://www.loc.gov/MARC21/slim" xmlns:dcterms="http://purl.org/dc/terms/" xmlns:xsi="http://www.w3.org/2001/XMLSchema-instance" xmlns:doc="http://www.lyncode.com/xoai" xsi:schemaLocation="http://www.loc.gov/MARC21/slim http://www.loc.gov/standards/marcxml/schema/MARC21slim.xsd">
   <leader>00925njm 22002777a 4500</leader>
   <datafield ind2=" " ind1=" " tag="042">
      <subfield code="a">dc</subfield>
   </datafield>
   <datafield ind2=" " ind1=" " tag="720">
      <subfield code="a">Olmedo Reinoso, Antonio</subfield>
      <subfield code="e">author</subfield>
   </datafield>
   <datafield ind2=" " ind1=" " tag="720">
      <subfield code="a">Santa Cruz Grau, Luis Eduardo</subfield>
      <subfield code="e">author</subfield>
   </datafield>
   <datafield ind2=" " ind1=" " tag="260">
      <subfield code="c">2011</subfield>
   </datafield>
   <datafield ind2=" " ind1=" " tag="520">
      <subfield code="a">El presente artículo analiza la valoración que realizan las familias de clase media sobre el orden expresivo de distintos centros educativos. La composición social del alumnado, el proyecto educativo, la titularidad y el ambiente general son aspectos valorados por los padres durante el proceso de escolarización de sus hijos. Buscarán centros con «prestigio social», sean éstos públicos o privados, donde acudan otras familias con similares características socioculturales, con las que compartan valores y ambiciones. Concluimos que el proceso de elección de centro forma parte de aquellas dinámicas de cierre social destinadas a posicionar a los hijos en una situación privilegiada y ventajosa frente a otros.</subfield>
   </datafield>
   <datafield ind2=" " ind1=" " tag="520">
      <subfield code="a">This article analyses the evaluation made by middle-class families regarding the expressive order of different schools. The social composition of the pupils, the educational project, their public or private character and the general atmosphere are highly valued aspects by those parents during the schooling process of their children. They look for schools with «social prestige», either public or private, where other families with similar socio-cultural characteristics, values and ambitions are also sending their children. We conclude that the school choice process is part of wider social closure dynamics destined to situate their children in a more privileged and advantageous position.</subfield>
   </datafield>
   <datafield tag="653" ind2=" " ind1=" ">
      <subfield code="a">Elección de centro</subfield>
   </datafield>
   <datafield tag="653" ind2=" " ind1=" ">
      <subfield code="a">Orden expresivo</subfield>
   </datafield>
   <datafield tag="653" ind2=" " ind1=" ">
      <subfield code="a">Clase social</subfield>
   </datafield>
   <datafield tag="653" ind2=" " ind1=" ">
      <subfield code="a">Clases medias</subfield>
   </datafield>
   <datafield tag="653" ind2=" " ind1=" ">
      <subfield code="a">Cierre social</subfield>
   </datafield>
   <datafield tag="653" ind2=" " ind1=" ">
      <subfield code="a">School choice</subfield>
   </datafield>
   <datafield tag="653" ind2=" " ind1=" ">
      <subfield code="a">Expressive order</subfield>
   </datafield>
   <datafield tag="653" ind2=" " ind1=" ">
      <subfield code="a">Social class</subfield>
   </datafield>
   <datafield tag="653" ind2=" " ind1=" ">
      <subfield code="a">Middle classes</subfield>
   </datafield>
   <datafield tag="653" ind2=" " ind1=" ">
      <subfield code="a">Social closure</subfield>
   </datafield>
   <datafield ind2="0" ind1="0" tag="245">
      <subfield code="a">El proceso de valoración de los centros educativos por parte de las familias de clase media : el papel del orden expresivo en la búsqueda de la «distinción»</subfield>
   </datafield>
</record></metadata></record></GetRecord></OAI-PMH>